书目信息 |
| 题名: |
大规模MIMO异构网络无线资源管理和关键技术
|
|
| 作者: | 孙钢灿 , 郝万明 , 姚壮 , 赵少柯 编著 | |
| 分册: | ||
| 出版信息: | 北京 北京邮电大学出版社 2021.11 |
|
| 页数: | 127页 | |
| 开本: | 26cm | |
| 丛书名: | 信息科学技术专著丛书 | |
| 单 册: | ||
| 中图分类: | TN929.5 | |
| 科图分类: | ||
| 主题词: | 无线电通信--wu xian dian tong xin--移动网--异构网络--研究 | |
| 电子资源: | ||
| ISBN: | 978-7-5635-6543-6 | |
| 000 | 01291nam 2200301 450 | |
| 001 | 25267 | |
| 005 | 20220918173508.40 | |
| 010 | @a978-7-5635-6543-6@dCNY35.00 | |
| 100 | @a20211210d2021 em y0chiy50 ea | |
| 101 | 0 | @achi |
| 102 | @aCN@b110000 | |
| 105 | @aa a 000yy | |
| 200 | 1 | @a大规模MIMO异构网络无线资源管理和关键技术@Ada gui mo MIMO yi gou wang luo wu xian zi yuan guan li he guan jian ji shu@f孙钢灿 ... [等] 编著 |
| 210 | @a北京@c北京邮电大学出版社@d2021.11 | |
| 215 | @a127页@c图@d26cm | |
| 225 | 2 | @a信息科学技术专著丛书@Axin xi ke xue ji shu zhuan zhu cong shu |
| 304 | @a题名页题其余责任者: 郝万明, 姚壮, 赵少柯 | |
| 320 | @a有书目 | |
| 330 | @a本书详细介绍大规模MIMO异构网络的基本理论和资源优化问题。首先, 分析基于CR和基于SC的两种类型的大规模MIMO异构网络 ; 然后, 分别对两种类型网络架构中的波束设计、功率分配、传输策略等进行研究 ; 最后, 为今后毫米波在移动通信中的应用提供理论指导。 | |
| 410 | 0 | @12001 @a信息科学技术专著丛书 |
| 606 | 0 | @a无线电通信@Awu xian dian tong xin@x移动网@x异构网络@x研究 |
| 690 | @aTN929.5@v5 | |
| 701 | 0 | @a孙钢灿@Asun gang can@4编著 |
| 701 | 0 | @a郝万明@Ahao wan ming@4编著 |
| 701 | 0 | @a姚壮@Ayao zhuang@4编著 |
| 701 | 0 | @a赵少柯@Azhao shao ke@4编著 |
| 801 | 0 | @aCN@c20220910 |
| 905 | @a河南城建学院图书馆@dTN929.5@eS910@f1 | |
| 大规模MIMO异构网络无线资源管理和关键技术/孙钢灿 ... [等] 编著.-北京:北京邮电大学出版社,2021.11 |
| 127页:图;26cm.-(信息科学技术专著丛书) |
| ISBN 978-7-5635-6543-6:CNY35.00 |
| 本书详细介绍大规模MIMO异构网络的基本理论和资源优化问题。首先, 分析基于CR和基于SC的两种类型的大规模MIMO异构网络 ; 然后, 分别对两种类型网络架构中的波束设计、功率分配、传输策略等进行研究 ; 最后, 为今后毫米波在移动通信中的应用提供理论指导。 |
| ● |
| 相关链接 |
|
|
|
正题名:大规模MIMO异构网络无线资源管理和关键技术
索取号:TN929.5/S910
 
预约/预借
| 序号 | 登录号 | 条形码 | 馆藏地/架位号 | 状态 | 备注 |
| 1 | 1576098 | 215760987 | 自科库301/301自科库 101排3列2层/ [索取号:TN929.5/S910] | 在馆 |